000 00694nam a2200241Ia 4500
003 OSt
005 20220925181818.0
006 a|||||r|||| 00| 0
007 ta
008 220923b |||||||| |||| 00| 0 eng d
037 _cGeneral Book
040 _aRTL
_cRTL
_beng
041 _2eng
_aeng
082 _aX:8, L3
100 _aKast Fremont E.
245 0 _aContingency views of organization and management
260 _aChicago
_bS. R. A.
_c1973
300 _axi, 355p. Bibliography p.349-55
_ccm.
650 _aManagement
_930681
700 _a Rosenzweig James E.
942 _hX:8, L3
_cGB
_2CC
999 _c500388
_d500388